[Event "Winter Chess Classic"]
[Site "Montreal CAN"]
[Date "2020.03.05"]
[Round "6"]
[White "Ragnarsson, Dagur"]
[Black "Williams, Justus"]
[Result "1-0"]
[WhiteElo "2400"]
[BlackElo "2340"]
[PlyCount "95"]
[EventDate "2020.03.02"]
[EventType "tourn"]
[EventRounds "9"]
[EventCountry "CAN"]
[WhiteTeam "Island"]
[BlackTeam "USA"]
[WhiteTeamCountry "ISL"]
[BlackTeamCountry "USA"]

1. c4 c5 2. Nf3 g6 3. e4 Nc6 4. d4 cxd4 5. Nxd4 Nf6 6. Nc3 d6 7. Be2 Nxd4 8.
Qxd4 Bg7 9. Be3 O-O 10. Qd1 Bd7 11. O-O Bc6 12. f3 a5 13. Qd2 a4 14. b4 axb3
15. axb3 Rxa1 16. Rxa1 Bxe4 17. fxe4 Nxe4 18. Nxe4 Bxa1 19. Bf3 Qa8 20. Nc3 Qa3
21. Qc2 Ra8 22. Nb5 Qb4 23. Kf2 Bf6 24. Bd2 Qc5+ 25. Be3 Qe5 26. Bd4 Qxh2 27.
Bxf6 exf6 28. Qb2 Qh4+ 29. g3 Qg5 30. b4 Rd8 31. Bxb7 h5 32. Qd4 Qf5+ 33. Bf3
Ra8 34. Qb2 h4 35. Nxd6 Qg5 36. Bxa8 Qxg3+ 37. Kf1 Qxd6 38. Bd5 h3 39. b5 Qf4+
40. Qf2 Qc1+ 41. Qe1 Qf4+ 42. Ke2 g5 43. b6 g4 44. b7 g3 45. Qb1 Qe5+ 46. Kf3
Qc3+ 47. Kg4 g2 48. Qg6+ 1-0

[Event "Winter Chess Classic"]
[Site "Montreal CAN"]
[Date "2020.03.05"]
[Round "7"]
[White "Liang, Jason"]
[Black "Eckert, Doug"]
[Result "1/2-1/2"]
[WhiteElo "2288"]
[BlackElo "2139"]
[PlyCount "26"]
[EventDate "2020.03.02"]
[EventType "tourn"]
[EventRounds "9"]
[EventCountry "CAN"]
[WhiteTeam "USA"]
[BlackTeam "USA"]
[WhiteTeamCountry "USA"]
[BlackTeamCountry "USA"]

1. e4 e5 2. Nf3 Nc6 3. Nc3 Nf6 4. d4 exd4 5. Nxd4 Bb4 6. Nxc6 bxc6 7. Bd3 d5 8.
exd5 cxd5 9. O-O O-O 10. Bg5 c6 11. Qf3 Bd6 12. Bxf6 Qxf6 13. Qxf6 gxf6 1/2-1/2

[Event "Winter Chess Classic"]
[Site "Montreal CAN"]
[Date "2020.03.05"]
[Round "7"]
[White "Vigorito, David"]
[Black "Posthuma, Joshua"]
[Result "0-1"]
[WhiteElo "2357"]
[BlackElo "2355"]
[PlyCount "74"]
[EventDate "2020.03.02"]
[EventType "tourn"]
[EventRounds "9"]
[EventCountry "CAN"]
[WhiteTeam "USA"]
[BlackTeam "USA"]
[WhiteTeamCountry "USA"]
[BlackTeamCountry "USA"]

1. Nf3 c5 2. c4 Nc6 3. Nc3 g6 4. e3 Nf6 5. d4 cxd4 6. exd4 d5 7. cxd5 Nxd5 8.
Qb3 Nxc3 9. Bc4 Nd5 10. Bxd5 e6 11. Bxc6+ bxc6 12. O-O Qd5 13. Be3 Qxb3 14.
axb3 f6 15. Rfc1 Kd7 16. Nd2 Bd6 17. Nc4 Bc7 18. Bd2 a6 19. Ba5 Rb8 20. Rc3 Rb5
21. b4 Rd8 22. Rac1 Bb7 23. f3 Bxa5 24. bxa5 Ke7 25. Nd2 Rxd4 26. Nb3 Rdb4 27.
Nc5 Rxa5 28. Nxb7 Rxb7 29. Rxc6 Rxb2 30. Rd1 f5 31. Re1 e5 32. h4 Raa2 33.
Rxe5+ Kd7 34. Rec5 Rxg2+ 35. Kf1 Rgf2+ 36. Kg1 Rfd2 37. Rc7+ Ke6 0-1

[Event "Winter Chess Classic"]
[Site "Montreal CAN"]
[Date "2020.03.06"]
[Round "8"]
[White "Posthuma, Joshua"]
[Black "Liang, Jason"]
[Result "1/2-1/2"]
[WhiteElo "2355"]
[BlackElo "2288"]
[PlyCount "163"]
[EventDate "2020.03.02"]
[EventType "tourn"]
[EventRounds "9"]
[EventCountry "CAN"]
[WhiteTeam "USA"]
[BlackTeam "USA"]
[WhiteTeamCountry "USA"]
[BlackTeamCountry "USA"]

1. d4 Nf6 2. c4 e6 3. g3 d5 4. Bg2 Be7 5. Nf3 O-O 6. O-O dxc4 7. Qc2 b5 8. a4
b4 9. Nfd2 Nd5 10. Nxc4 c5 11. e4 Nb6 12. a5 Nxc4 13. e5 Ba6 14. Bxa8 cxd4 15.
Rd1 Nd7 16. Be4 Ndxe5 17. b3 f5 18. Bg2 d3 19. Qa2 Nd6 20. Bb2 Nef7 21. Nd2 e5
22. Nf3 Bf6 23. Qa4 Qb8 24. Rac1 Ne4 25. Qc6 Bb5 26. Qe6 Re8 27. Qxf5 Nfd6 28.
Qg4 Nc3 29. Qxb4 Nxd1 30. Rxd1 Nf7 31. Nd2 Be7 32. Qg4 Qc8 33. Qxc8 Rxc8 34.
Nc4 Rd8 35. Be4 Ng5 36. Bxd3 Nf3+ 37. Kf1 e4 38. Be2 Rxd1+ 39. Bxd1 Nd2+ 40.
Ke2 Bb4 41. Bd4 Bxa5 42. Bxa7 Nxc4 43. bxc4 Bxc4+ 44. Ke3 Bd5 45. Bc2 Be1 46.
Kf4 Bc3 47. Bxe4 Bxe4 48. Kxe4 Kf7 49. Bd4 Bd2 50. g4 Bc1 51. Bc3 Ba3 52. f4 g6
53. Kd5 Bc1 54. Be5 Bd2 55. Ke4 Ke6 56. Bd4 Be1 57. Bg7 Kf7 58. Bh6 Ke6 59. Bg5
Bf2 60. Bd8 Be1 61. Bb6 Bb4 62. Bd4 Be1 63. f5+ gxf5+ 64. gxf5+ Kf7 65. Kf4
Bd2+ 66. Kg4 Bc1 67. Bf2 Bd2 68. Bh4 Bc3 69. Kh5 Be5 70. Bg3 Bg7 71. Be1 Be5
72. Bg3 Bg7 73. Bh4 Be5 74. h3 Bg7 75. Be1 Bf8 76. Bc3 Kg8 77. Kg5 Kf7 78. Be5
Bb4 79. Kh6 Kg8 80. Kh5 Kf7 81. Kg5 Ba3 82. Ba1 1/2-1/2

[Event "Winter Chess Classic"]
[Site "Montreal CAN"]
[Date "2020.03.06"]
[Round "8"]
[White "Ragnarsson, Dagur"]
[Black "Vigorito, David"]
[Result "1-0"]
[WhiteElo "2400"]
[BlackElo "2357"]
[PlyCount "57"]
[EventDate "2020.03.02"]
[EventType "tourn"]
[EventRounds "9"]
[EventCountry "CAN"]
[WhiteTeam "Island"]
[BlackTeam "USA"]
[WhiteTeamCountry "ISL"]
[BlackTeamCountry "USA"]

1. d4 d5 2. c4 c6 3. Nf3 Nf6 4. Nc3 dxc4 5. a4 Bf5 6. e3 e6 7. Bxc4 Bb4 8. O-O
O-O 9. Nh4 Qe7 10. Nxf5 exf5 11. Qc2 g6 12. f3 c5 13. Kh1 Nc6 14. dxc5 Bxc5 15.
e4 Nd4 16. Qd3 fxe4 17. fxe4 Ng4 18. Qg3 Ne5 19. Nd5 Qd6 20. Bf4 Ndc6 21. Qh4
h5 22. Nf6+ Kg7 23. Nxh5+ gxh5 24. Qg5+ Kh7 25. Qxh5+ Kg7 26. Qg5+ Kh7 27. Rf3
Qg6 28. Rh3+ Kg8 29. Bxe5 1-0

[Event "Winter Chess Classic"]
[Site "Montreal CAN"]
[Date "2020.03.06"]
[Round "9"]
[White "Liang, Jason"]
[Black "Ragnarsson, Dagur"]
[Result "0-1"]
[WhiteElo "2288"]
[BlackElo "2400"]
[PlyCount "238"]
[EventDate "2020.03.02"]
[EventType "tourn"]
[EventRounds "9"]
[EventCountry "CAN"]
[WhiteTeam "USA"]
[BlackTeam "Island"]
[WhiteTeamCountry "USA"]
[BlackTeamCountry "ISL"]

1. e4 e6 2. d4 d5 3. Nc3 Nf6 4. e5 Nfd7 5. f4 c5 6. Nf3 Nc6 7. Be3 Be7 8. Qd2
O-O 9. Be2 b6 10. O-O f5 11. Rad1 Bb7 12. dxc5 Nxc5 13. Nb5 Ne4 14. Qc1 a6 15.
Nbd4 Nxd4 16. Bxd4 b5 17. a3 Qd7 18. b4 a5 19. c3 Rfc8 20. Qb2 Qc6 21. Rc1 Qa6
22. Ra1 Qc6 23. Rfc1 h6 24. Bd3 g5 25. Rab1 g4 26. Ne1 a4 27. Qe2 Ba6 28. Qe3
Kf7 29. Be2 Rh8 30. Nd3 Bc8 31. Rc2 h5 32. Qc1 Rb8 33. Qf1 Bd7 34. Nc1 h4 35.
Bd3 h3 36. g3 Rbc8 37. Ne2 Bd8 38. Rbc1 Bb6 39. Kh1 Rc7 40. Qg1 Rb8 41. Qe3 Qb7
42. Kg1 Rc4 43. Bxb6 Qxb6 44. Qxb6 Rxb6 45. Bxc4 bxc4 46. Nd4 Bb5 47. Kf1 Ke7
48. Ke2 Kd7 49. Rb1 Kc7 50. Ke3 Kd7 51. Rd1 Rb8 52. Rcc1 Rb6 53. Re1 Ke7 54.
Ne2 Kd7 55. Rcd1 Rb8 56. Rf1 Kc7 57. Rc1 Bd7 58. Nd4 Kb6 59. Rc2 Rh8 60. Re1
Rf8 61. Ne2 Rh8 62. Rf1 Bc6 63. Kd4 Kb5 64. Nc1 Rd8 65. Ne2 Kb6 66. Rb2 Kb5 67.
Ke3 Bd7 68. Rd1 Kb6 69. Rd4 Bc6 70. Rb1 Rd7 71. Rbd1 Bb5 72. Rxe4 dxe4 73. Rd6+
Rxd6 74. exd6 Bc6 75. Kd4 Bd5 76. Ke5 Kc6 77. Nd4+ Kd7 78. Nc2 Bc6 79. Ne3 Bb5
80. Nd1 Ba6 81. Ne3 Bb5 82. Nc2 Ba6 83. Nd4 e3 84. Ne2 Bb7 85. b5 Bd5 86. b6
Bf3 87. Nc1 Bb7 88. Kd4 Kxd6 89. Kxe3 Kc5 90. Ne2 Bc8 91. Nc1 Bb7 92. Na2 Bc8
93. Nb4 Bb7 94. Nc2 Bc8 95. Kd2 Kxb6 96. Ne3 Kc5 97. Nd1 Bb7 98. Ke3 Be4 99.
Kf2 Bc2 100. Ne3 Bd3 101. Nd1 Kd5 102. Ke3 Bc2 103. Nf2 Bb3 104. Kd2 Ba2 105.
Ke3 Bb1 106. Kd2 e5 107. Ke3 Bc2 108. Kd2 exf4 109. Kxc2 fxg3 110. hxg3 f4 111.
gxf4 h2 112. Nh1 Ke4 113. Kd2 Kxf4 114. Ke2 g3 115. Kf1 Kf3 116. Nf2 g2+ 117.
Ke1 g1=Q+ 118. Kd2 Qxf2+ 119. Kc1 h1=R# 0-1

[Event "Winter Chess Classic"]
[Site "Montreal CAN"]
[Date "2020.03.06"]
[Round "9"]
[White "Vigorito, David"]
[Black "Williams, Justus"]
[Result "1/2-1/2"]
[WhiteElo "2357"]
[BlackElo "2340"]
[PlyCount "106"]
[EventDate "2020.03.02"]
[EventType "tourn"]
[EventRounds "9"]
[EventCountry "CAN"]
[WhiteTeam "USA"]
[BlackTeam "USA"]
[WhiteTeamCountry "USA"]
[BlackTeamCountry "USA"]

1. Nf3 d5 2. d4 Nf6 3. c4 e6 4. g3 Bb4+ 5. Bd2 Bd6 6. Nc3 c6 7. Qc2 Nbd7 8. e4
dxe4 9. Nxe4 Nxe4 10. Qxe4 c5 11. Bc3 Nf6 12. Qe2 b6 13. Bg2 Ba6 14. O-O-O Qe7
15. dxc5 Bxc5 16. Ne5 O-O 17. Bxa8 Rxa8 18. Rd2 Rc8 19. Rhd1 h6 20. Kb1 Nd5 21.
Bd4 f6 22. Ng6 Qf7 23. Nf4 Bb4 24. Rc2 Nxf4 25. gxf4 e5 26. fxe5 Bxc4 27. Rxc4
Qxc4 28. Qxc4+ Rxc4 29. exf6 gxf6 30. Bxf6 Bc5 31. Rd7 Rf4 32. Be5 Rxf2 33.
Rg7+ Kf8 34. Rxa7 Re2 35. Bg7+ Ke8 36. Bxh6 Bd4 37. Bc1 Rxh2 38. Rc7 Bc5 39. a3
Kd8 40. Rf7 Kc8 41. Ka2 Rf2 42. Rh7 Bd4 43. Kb3 Bf6 44. a4 Kb8 45. Rf7 Bd4 46.
Rd7 Bf6 47. Rd6 Kc7 48. Rd5 Kc6 49. Rb5 Bg7 50. Rxb6+ Kxb6 51. Be3+ Kb7 52.
Bxf2 Bxb2 53. Kxb2 Ka8 1/2-1/2